LEADER 01106nam a2200301 u 4500 001 000000058764 003 CaOOAMICUS 005 20070226120728.0 008 010612s1993 it u000 u ita u 020 $a8842019801 035 $a10892399 040 $aPUL(R)$bita 100 1 $aSina, Mario,$d1945-$0(OLS)http://pul/name/1031 245 10$aIntroduzione a Locke /$cdi Mario Sina. 250 $a3. ed. 260 $aRoma :$bLaterza,$c1993. 300 $a198 p. ;$c18 cm 490 1 $aI filosofi ;$v34 504 $aBibliografia: p. [155-199]. 600 14$aLocke, John,$d1632-1704$xFilosofia.$0(OLS)http://pul/subject/23055 830 2$aI filosofi (Laterza) ;$v34.$0(OLS)http://pul/title/7858 850 $aPUL 852 $aPUL$W1$xDP1 Altre Collocazioni$y17$m80 M 15$j76722$nBK-PRI$b $qStampati$B76722$CPULBib$Z2$F76722 $H $81 941 1 $a8 961 $aINV: 73299 996 $6020$a8842019801$9(OLS)http://pul/number/74583 996 $6245$aIntroduzione a Locke$9(OLS)http://pul/title/78735 996 $6260$aRoma :$bLaterza$9(OLS)http://pul/publisher/47864 LEADER 00965nam a2200253 a 4500 001 000000168543 003 CaOOAMICUS 005 20180703163749.0 008 180703s1968 it u000 u ita r 032 $aLibriCat 040 $aPUL$bita 100 1 $aBettetini, Gianfranco,$d1933-$0(OLS)http://pul/name/32348 245 10$aCinema: $blingua e scrittura / $cGianfranco Bettetini . 260 $aMilano :$bBompiani,$c1968. 300 $a236 p. ; $c22 cm. 490 1 $aNuovi saggi italiani ;$v03 650 4$aCinema.$0(OLS)http://pul/subject/3452 830 0$aNuovi saggi italiani ;$v03.$0(OLS)http://pul/title/3247 850 $aPUL 852 $aPUL$W1$xDP1 Fondo Dalla Palma$y117$m8 B 3$j192001$qFondi$B196459$CPULBib$Z2$F196459 $HDal1571 $81 941 1 $a1 996 $6245$aCinema: $blingua e scrittura / $9(OLS)http://pul/title/208951 996 $6260$aMilano :$bBompiani$9(OLS)http://pul/publisher/48240